संस्कृत और संस्कृत / (Record no. 118453)
[ view plain ]
| 000 -LEADER | |
|---|---|
| fixed length control field | 01332nam a22002657a 4500 |
| 005 - DATE AND TIME OF LATEST TRANSACTION | |
| control field | 20170124103114.0 |
| 010 ## - LIBRARY OF CONGRESS CONTROL NUMBER | |
| LC control number | A-990617 |
| 020 ## - INTERNATIONAL STANDARD BOOK NUMBER | |
| Terms of availability | 250.00 |
| 035 ## - SYSTEM CONTROL NUMBER | |
| System control number | A-990617 |
| 037 ## - SOURCE OF ACQUISITION | |
| Source of stock number/acquisition | Cen Lib/Ret |
| 040 ## - CATALOGING SOURCE | |
| Original cataloging agency | DPL |
| Language of cataloging | HN |
| 082 ## - DEWEY DECIMAL CLASSIFICATION NUMBER | |
| Classification number | 410 |
| Item number | संस्कृत |
| 245 ## - TITLE STATEMENT | |
| Title | संस्कृत और संस्कृत / |
| Statement of responsibility, etc | संपादक शिववंश पाण्डेय [एवं] रघुनाथ प्रसाद चतुर्वेदी |
| 246 ## - VARYING FORM OF TITLE | |
| Title proper/short title | Sanskrit aur sanskrit / |
| Remainder of title | sampadak Shivvansh Pandey [evam] Raghunath Prasad Chaturvedi |
| 260 ## - PUBLICATION, DISTRIBUTION, ETC. (IMPRINT) | |
| Place of publication, distribution, etc | बिहार |
| Name of publisher, distributor, etc | गारा चौबे संस्कृति संस्थान |
| Date of publication, distribution, etc | 1999 |
| 270 ## - ADDRESS | |
| City | बिहार |
| Address | कश्यपपूरी, हजारीबाग |
| Postal code | 825301 |
| 300 ## - PHYSICAL DESCRIPTION | |
| Extent | 264पृ. |
| Dimensions | 20सेमी(सजिल्द ) |
| 650 ## - SUBJECT ADDED ENTRY--TOPICAL TERM | |
| Topical term or geographic name as entry element | हिन्दी--भाषा |
| General subdivision | |
| Geographic subdivision | |
| 9 (RLIN) | 80232 |
| 650 ## - SUBJECT ADDED ENTRY--TOPICAL TERM | |
| Topical term or geographic name as entry element | हिन्दी--भाषा--भारतीय संस्कृति |
| 9 (RLIN) | 80233 |
| 650 ## - SUBJECT ADDED ENTRY--TOPICAL TERM | |
| Topical term or geographic name as entry element | Hindi--language |
| 9 (RLIN) | 9446 |
| 650 ## - SUBJECT ADDED ENTRY--TOPICAL TERM | |
| Topical term or geographic name as entry element | Hindi--language--Indian culture |
| 9 (RLIN) | 80234 |
| 700 ## - ADDED ENTRY--PERSONAL NAME | |
| Personal name | पाण्डेय, शिववंश |
| 9 (RLIN) | 80235 |
| 700 ## - ADDED ENTRY--PERSONAL NAME | |
| Personal name | चतुर्वेदी, रघुनाथ प्रसाद |
| 9 (RLIN) | 80236 |
| 942 ## - ADDED ENTRY ELEMENTS (KOHA) | |
| Source of classification or shelving scheme | Dewey Decimal Classification |
| Koha item type | Hindi Books |
| Classification part | 410 |
| Call number suffix | संस्कृत |
| Withdrawn status | Lost status | Damaged status | Not for loan | Home library | Current library | Date acquired | Source of acquisition | Cost, normal purchase price | Total Checkouts | Full call number | Barcode | Date last seen | Copy number | Cost, replacement price | Price effective from | Koha item type |
|---|---|---|---|---|---|---|---|---|---|---|---|---|---|---|---|---|
| Central Library | Central Library | 11/09/2015 | Cen Lib/Ref | 250.00 | 410 संस्कृत | A-990617 | 11/09/2015 | 1 | 250.00 | 11/09/2015 | Hindi Books |
